Conflictividad laboral en el sector público
Guardado en:
| Formato: | Texto |
|---|---|
| Materias: | |
| Etiquetas: |
Agregar Etiqueta
Sin Etiquetas, Sea el primero en etiquetar este registro!
|
MARC
| LEADER | 00000 a a2200000 04500 | ||
|---|---|---|---|
| 001 | 6313 | ||
| 003 | |||
| 040 | |||
| 245 | |a Conflictividad laboral en el sector público | ||
| 650 | |a SECTOR PUBLICO | ||
| 650 | |a EMPLEO | ||
| 650 | |a CONFLICTOS LABORALES | ||
| 650 | |a EMPLEADOS | ||
| 650 | |a SALARIOS | ||
| 650 | |a AJUSTE ESTRUCTURAL | ||
| 650 | |a POLITICA GUBERNAMENTAL | ||
| 650 | |a ESTADO | ||
| 650 | |a SECTOR PRIVADO | ||
| 650 | |a EMPRESAS | ||
| 650 | |a MODERNIZACION | ||
| 650 | |a EMPRESAS PUBLICAS | ||
| 650 | |a PARTIDOS POLITICOS | ||
| 773 | |g volumen 20, número 882; páginas 7-9 | ||
| 999 | |c 34115 |d 34115 | ||
